000
00291nam a22001337a 4500
008
170529b xxu||||| |||| 00| 0 eng d
020
_a
49477
041
_a
eng
080
_a
66.0
100
_a
27
101
_a
IM
245
_a
CHEMICAL ENGINEERS' HANDBOOK
_c
AIDALS, J.B
942
_2
udc
_c
BK
999
_c
14753
_d
14753